E`tude de l'importance de la fasciolose chez les bovins dans le district de samrong tong, province de kompong speu, (ការសិក្សាអំពីជំងឺហ្វាស្យូឡាលើសត្វគោក្នុង ស្រុកសំរោងទង ខេត្តកំពង់ស្ពឺ) (Record no. 2810)

000 -LEADER
fixed length control field 00685nam a22001577a 4500
003 - CONTROL NUMBER IDENTIFIER
control field OSt
005 - DATE AND TIME OF LATEST TRANSACTION
control field 20151027170842.0
008 - FIXED-LENGTH DATA ELEMENTS--GENERAL INFORMATION
fixed length control field 151027b xxu||||| |||| 00| 0 eng d
040 ## - CATALOGING SOURCE
Transcribing agency RUA
082 ## - DEWEY DECIMAL CLASSIFICATION NUMBER
Classification number VTF KHI 2009 B112 Or.1
100 ## - MAIN ENTRY--PERSONAL NAME
9 (RLIN) 2995
Personal name KHIEV MONORM
245 ## - TITLE STATEMENT
Title E`tude de l'importance de la fasciolose chez les bovins dans le district de samrong tong, province de kompong speu, (ការសិក្សាអំពីជំងឺហ្វាស្យូឡាលើសត្វគោក្នុង ស្រុកសំរោងទង ខេត្តកំពង់ស្ពឺ)
260 ## - PUBLICATION, DISTRIBUTION, ETC. (IMPRINT)
Place of publication, distribution, etc. Phnom penh
Name of publisher, distributor, etc. Rua
Date of publication, distribution, etc. 2009
300 ## - PHYSICAL DESCRIPTION
Extent vi; 32p.
Other physical details ill.
Dimensions 29cm.
942 ## - ADDED ENTRY ELEMENTS (KOHA)
Source of classification or shelving scheme
Koha item type VTF
Holdings
Price effective from Date last seen Permanent Location Not for loan Date acquired Source of classification or shelving scheme Koha item type Lost status Withdrawn status Date last checked out Total Checkouts Shelving location Damaged status Barcode Current Location Full call number
2015-10-272015-10-27Library Block B 2015-10-27 VTF    B112 RUA006096Library Block BVTF KHI 2009 B112 Or.1
2015-10-272016-08-14Library Block B 2015-10-27 VTF  2016-07-311B112 RUA006829Library Block BVTF KHI 2009 B112 Or.2
2015-10-272015-10-27Library Block B 2015-10-27 VTF    B112 RUA006379Library Block BVTF KHI 2009 B112 Or.3
2015-10-272015-10-27Library Block B 2015-10-27 VTF    B112 RUA006610Library Block BVTF KHI 2009 B112 Or.4
2015-10-272015-10-27Library Block B 2015-10-27 VTF    B112 RUA006657Library Block BVTF KHI 2009 B112 Or.5
2015-10-272015-10-27Library Block B 2015-10-27 VTF    B112 RUA020673Library Block BVTF KHI 2009 B112 Or.6
2015-10-272015-10-27Library Block B 2015-10-27 VTF    B112 RUA006957Library Block BVTF KHI 2009 B112 Or.7
2015-10-272015-10-27Library Block B 2015-10-27 VTF    B112 RUA009642Library Block BVTF KHI 2009 B112 Or.8
មជ្ឈមណ្ឌលឯការនៃសាកលវិទ្យាល័យភូមិន្ទកសិកម្មចំការដូង

Powered by Koha